000 01295nam2a22002531 4500
001 RU\NLR\INFOCOMM18\1000210641
005 20250617013129.0
035 _a(NLR Aleph) 002345936
090 _a4497375
_c4497375
100 _a20041026d1928 |||y0rusy50 ca
101 0 _arus
102 _aRU
105 _ay |||||||||
200 1 _aПути повышения урожайности
_fС.П. Орлов
210 _d1928
_aБ. м.
461 0 _1001RU\NLR\INFOCOMM18\1000210631
_12001#$aТруды Вятской областной сельскохозяйственной опытной станции$fНКЗ$vВып.8(51)
_94497349
_aСеверо-Восточная областная сельскохозяйственная опытная станция (Киров)
_cВятка
_d1915-1930
_fНКЗ
_nВятская обл. с.-х. опытная станция
_tТруды Вятской областной сельскохозяйственной опытной станции
_vВып.8(51)
700 1 _4070
_7ca
_8rus
_aОрлов
_bС. П.
_cагрохимик
_f1887-
_gСергей Петрович
_9267186
_3RU\NLR\AUTH\770267242
801 1 _aRU
_bInfoComm
_c20041026
801 0 _aRU
_bNLR
_gPSBO
852 _aNLR
_j37/3891
942 _cISSUE
980 _aNB
980 _aRUSPER